Design of wood structures / (Record no. 6711)

MARC details
000 -LEADER
fixed length control field 00762nac a22002411u 4500
010 ## - LIBRARY OF CONGRESS CONTROL NUMBER
LC control number 92036739
020 ## - INTERNATIONAL STANDARD BOOK NUMBER
International Standard Book Number 0070076782
022 ## - INTERNATIONAL STANDARD SERIAL NUMBER
International Standard Serial Number 0070076782
082 00 - DEWEY DECIMAL CLASSIFICATION NUMBER
Classification number 624.184
Item number BRE
090 ## - LOCALLY ASSIGNED LC-TYPE CALL NUMBER (OCLC); LOCAL CALL NUMBER (OCLC)
-- 6711
-- 6711
100 ## - MAIN ENTRY--PERSONAL NAME
Personal name Breyer, Donald E.
245 10 - TITLE STATEMENT
Title Design of wood structures /
Statement of responsibility, etc Donald E. Breyer.
250 ## - EDITION STATEMENT
Edition statement 3rd ed.
260 ## - PUBLICATION, DISTRIBUTION, ETC. (IMPRINT)
Place of publication, distribution, etc New York :
Name of publisher, distributor, etc McGraw-Hill,c1993.
Date of publication, distribution, etc c1993.
300 ## - PHYSICAL DESCRIPTION
Extent xxvi, 902 p. :
Other physical details ill. ;
Dimensions 24 cm.
500 ## - GENERAL NOTE
General note Previously published: 1988.
500 ## - GENERAL NOTE
General note Distributer: Al-Ahram.
504 ## - BIBLIOGRAPHY, ETC. NOTE
Bibliography, etc Includes bibliographical references (p. 877-882) and index.
511 ## - PARTICIPANT OR PERFORMER NOTE
Participant or performer note Catalogued By: Mahitab.
650 #0 - SUBJECT ADDED ENTRY--TOPICAL TERM
Topical term or geographic name as entry element Building, Wooden.
650 #0 - SUBJECT ADDED ENTRY--TOPICAL TERM
Topical term or geographic name as entry element Structural engineering.
942 ## - ADDED ENTRY ELEMENTS (KOHA)
Item type Book - Borrowing
Call number prefix 624.184BRE
Holdings
Withdrawn status Item status Damaged status Not for loan Home library Current library Shelving location Date acquired Source of acquisition Total Checkouts Full call number Barcode Date last seen Koha item type
        Central Library Central Library First floor 29/11/2007 Purchase   624.184BRE 000008025 15/07/2025 Book - Borrowing